Essential Anaesthesia for medical students / (Record no. 1453)
[ view plain ]
| 000 -LEADER | |
|---|---|
| fixed length control field | 00615nam a22002177a 4500 |
| 003 - CONTROL NUMBER IDENTIFIER | |
| control field | OSt |
| 005 - DATE AND TIME OF LATEST TRANSACTION | |
| control field | 20150414164820.0 |
| 008 - FIXED-LENGTH DATA ELEMENTS--GENERAL INFORMATION | |
| fixed length control field | 150414b xxu||||| |||| 00| 0 eng d |
| 020 ## - INTERNATIONAL STANDARD BOOK NUMBER | |
| International Standard Book Number | 0340613866 |
| 040 ## - CATALOGING SOURCE | |
| Transcribing agency | DNLM |
| 082 ## - DEWEY DECIMAL CLASSIFICATION NUMBER | |
| Classification number | WO 270 H91e 1996 |
| 100 ## - MAIN ENTRY--PERSONAL NAME | |
| Personal name | Alan Aitkenhead |
| 9 (RLIN) | 3834 |
| 245 ## - TITLE STATEMENT | |
| Title | Essential Anaesthesia for medical students / |
| Statement of responsibility, etc. | Alan Aitkenhead, Mark Heining, David Bogod |
| 260 ## - PUBLICATION, DISTRIBUTION, ETC. (IMPRINT) | |
| Place of publication, distribution, etc. | London : |
| Name of publisher, distributor, etc. | Arnold ; |
| Date of publication, distribution, etc. | 1996. |
| 300 ## - PHYSICAL DESCRIPTION | |
| Extent | x, 149 p: |
| Other physical details | ill; |
| Dimensions | 25 cm |
| 504 ## - BIBLIOGRAPHY, ETC. NOTE | |
| Bibliography, etc | Includes index |
| 650 ## - SUBJECT ADDED ENTRY--TOPICAL TERM | |
| Topical term or geographic name as entry element | Anaesthesia |
| 9 (RLIN) | 333 |
| 700 ## - ADDED ENTRY--PERSONAL NAME | |
| Personal name | Heining Mark |
| 9 (RLIN) | 3835 |
| 700 ## - ADDED ENTRY--PERSONAL NAME | |
| Personal name | Bogod David |
| 9 (RLIN) | 3836 |
| 942 ## - ADDED ENTRY ELEMENTS (KOHA) | |
| Source of classification or shelving scheme | Other/Generic Classification Scheme |
| Koha item type | Short Loan |
| Withdrawn status | Lost status | Source of classification or shelving scheme | Damaged status | Not for loan | Home library | Current library | Date acquired | Source of acquisition | Inventory number | Total Checkouts | Full call number | Barcode | Date last seen | Price effective from | Koha item type |
|---|---|---|---|---|---|---|---|---|---|---|---|---|---|---|---|
| Other/Generic Classification Scheme | MUST Main Library | MUST Main Library | 14/04/2015 | 2006/26269 | WO 270 H91e 1996 | 2015-0968 | 14/04/2015 | 14/04/2015 | Short Loan |
